000 00251 a2200109 4500
001 75355
005 20260117165658.0
090 _a75355
100 _a20260117 pory50
200 _aO espelho do mar
_fJoseph Conrad
210 _cGuerra & Paz
_d2023
942 _cMON